PEOPLE, land and water : participatory development Communication for natural resource management

Saved in:
Bibliographic Details
Main Author: edited by Bessette, Guy
Format: Book
Language:English
Published: Earth Scan 2006
Tags: Add Tag
No Tags, Be the first to tag this record!

MARC

LEADER 00000nam a22000007a 4500
008 201215b ||||| |||| 00| 0 eng d
020 |a 978-1-84407-343-6  
100 |a edited by Bessette, Guy  
245 |a PEOPLE, land and water  |b : participatory development Communication for natural resource management  |c edited by Guy Bessette  |g xx, 313p.; ill.  
250 |c Bessette, Guy 
260 |b Earth Scan  |c 2006  |h  London  |i 651195  |l HC85 .P39  |m Natural resources – Management  |m Communication in economic development 
500 |a It includes bibliographical references and index 
942 |a lcc  |c BK  |e Kuteyi, M. A.  |f 15/12/2020 
952 |0 0  |1 0  |2 lcc  |4 0  |6 HC0085 P39  |7 0  |9 553  |a HOL  |b HOL  |c GJ  |d 2020-12-15  |l 0  |o HC85 .P39  |p 2020-2275  |r 2020-12-15 00:00:00  |w 2020-12-15  |y BK 
999 |c 301  |d 301